| Tag |
First Indicator |
Second Indicator |
Subfields |
| LEADER |
00000cam a2200000 a 4500 |
| 001 |
in00000011524 |
| 005 |
20151007052101.0 |
| 008 |
870911s1987 dcua b 00010 eng |
| 010 |
|
|
|a 87026295
|
| 020 |
|
|
|a 0896290646 (pbk.)
|
| 035 |
|
|
|a (OCoLC)16755285
|
| 035 |
|
|
|9 AAA6210AM
|
| 040 |
|
|
|a DLC
|c DLC
|d UtOrBLW
|
| 043 |
|
|
|a a-np---
|
| 049 |
|
|
|a TXAM
|c [A12639210]
|
| 050 |
0 |
0 |
|a S542.N35
|b Y33 1987
|
| 082 |
0 |
|
|a 630/.720549/6
|2 19
|
| 100 |
1 |
|
|a Yadav, Ram Prakash,
|d 1947-
|
| 245 |
1 |
0 |
|a Agricultural research in Nepal :
|b resource allocation, structure, and incentives /
|c Ram P. Yadav.
|
| 264 |
|
1 |
|a Washington, D.C. :
|b International Food Policy Research Institute, c c1987.
|c [date of publication not identified]
|
| 300 |
|
|
|a 77 pages :
|b illustrations ;
|c 26 cm.
|
| 336 |
|
|
|a text
|b txt
|2 rdacontent
|
| 337 |
|
|
|a unmediated
|b n
|2 rdamedia
|
| 338 |
|
|
|a volume
|b nc
|2 rdacarrier
|
| 490 |
1 |
|
|a Research report / International Food Policy Research Institute ;
|v 62
|
| 500 |
|
|
|a "September 1987."
|
| 504 |
|
|
|a Bibliography: pages 75-77.
|
| 650 |
|
0 |
|a Agriculture
|x Research
|z Nepal.
|
| 830 |
|
0 |
|a Research report (International Food Policy Research Institute) ;
|v 62.
|
| 999 |
|
|
|a MARS
|
| 999 |
f |
f |
|s 411bc54d-a016-3c05-a90b-7ce354580f11
|i 28ab0ade-1977-3ae3-a0dd-4bb427ed8c2a
|t 0
|
| 952 |
f |
f |
|p ric
|a Texas A&M University
|b Rellis Campus
|c Joint Library Facility
|d Remote Storage
|t 0
|e S542.N35 Y33 1987
|h Library of Congress classification
|i unmediated -- volume
|m A14812639210
|
| 998 |
f |
f |
|a S542.N35 Y33 1987
|t 0
|l Remote Storage
|